Più grandi città del Friuli-Venezia Giulia - Statistics

Statistiche generali
  • Questo quiz è stato fatto 311 volte
  • Il punteggio medio è 6 su 10
Statistiche sulle risposte
Popolazione Città % Corretto
204.420 ⭐️ Trieste
100%
99.169 ⭐️ Udine
99%
51.229 ⭐️ Pordenone
96%
34.844 ⭐️ Gorizia
95%
28.258 Monfalcone
68%
19.837 Sacile
46%
16.148 Codroipo
39%
18.301 Cordenons
33%
15.775 Azzano Decimo
25%
15.293 Porcia
23%
Nessun quiz corrispondente trovato
Distribuzione punteggi
Percentuale di utenti per punteggio
Percentile per numero di risposta
I tuoi punteggi nel tempo
Non hai fatto questo quiz